Puzzle z nazwami podzielonych państw #3 - Statystyki

Ogólne statystyki
  • Ten quiz został rozwiązany 98 razy
  • Średni wynik to 15 z 20
Statystyki odpowiedzi
Nazwa państwa % Poprawnych
ALG IER IA Algieria
98%
AUS TRA LIA Australia
96%
INDO NE ZJA Indonezja
96%
FILI PI NY Filipiny
95%
G RY Węgry
93%
SAL WA DOR Salwador
88%
MOZ AMB IK Mozambik
86%
SAN MA RINO San Marino
86%
CZ EC HY Czechy
79%
GW ATE MALA Gwatemala
75%
PA KI STAN Pakistan
73%
SE SZE LE Seszele
71%
ZA MB IA Zambia
71%
PO LS KA Polska
70%
KO LUM BIA Kolumbia
55%
KA ME RUN Kamerun
54%
BA HA MY Bahamy
46%
GR ENA DA Grenada
43%
LI B AN Liban
43%
TA JW AN Tajwan
41%
Nie znaleziono quizów pasujących do podanych kryteriów
Rozkład punktacji
Procent ludzi z każdym wynikiem
Percentyl według liczby udzielonych odpowiedzi
Twoja historia wyników
Nie rozwiązałeś tego quizu